000 00700nam a22002297a 4500
001 86019
003 BD-RjUL
005 20251202143234.0
008 251202r19531937enk||||| |||| 00| 0 eng d
035 _a(BD-RjUL)86019
040 _aBD-RjUL
_beng
_cBD-RjUL
041 _aeng
082 _223
_a871
_bCAL 1953
100 _aCarus, Titus Lucretius
_917442
245 _aLucretius :
_bDe rerum natura /
_cTitus Lucretius Carus ; W. H. D. Rouse.
250 _a3rd rev. ed.
260 _aLondon :
_bWilliam Heinemann,
_c1947, [reprinted 1953]
300 _axxi, 537, 9 pages ;
_c17 cm.
650 _aDidactic poetry, Latin
_917443
700 _aRouse, W. H. D. (Translator)
_917444
942 _2ddc
_cBK
999 _c86019
_d86019